01526nam a22003737a 4500003000500000005001700005008004100022010001000063011001000073035001000083040000900093082001500102100004100117245012600158260005800284300002000342490003500362590004100397590004100438590004100479590004100520590004200561650002800603650003500631650002800666830004200694901000700736942001000743949005800753949006300811999001700874952012800891952013301019CHAP20220329135928.0971013s1952 r 00010 d a44255 a45227 a49366 cCHAP a632.4bT3700aTargioni Tozzetti, Giovanni.9111700 aTrue nature, causes and sad effects of the rust, the bunt, the smut, and other maladies of wheat and of cats in the field aNew York :bAmerican Phytopathological Society,c1952 a139 p.b: ilus. aPhytopathological classicsv;9 aBATCH-UPDb10c20130109lUCH01h2354 aBATCH-UPDb10c20130110lUCH01h1605 aBATCH-UPDb10c20130410lUCH01h1002 aBATCH-UPDb10c20130914lUCH01h1414 aCONVERSIONb10c20130109lUCH01h132414aFitopatología.94116114aHongos fitopatógenos.95613214aRoya del trigo.91003900 aPhytopathological classicsv;9987910 aBK cLIBRO a632.4 T37bBCcLIBROd-111386eLIBROh22499i49366si a632.4 T37bBCcLIBROd-111387eLIBROfc.2h22500i49366si c44255d44255 00102ddc4052708GRALaBCbBCcPP_GRALd2019-12-31fLIBROl0o632.4 T37p-111386r2019-12-31 00:00:00w2019-12-31yLIBRO 00102ddc4052708GRALaBCbBCcPP_GRALd2019-12-31fLIBROl0o632.4 T37p-111387r2019-12-31 00:00:00tc.2w2019-12-31yLIBRO